| 000 | 00720nam a2200217 a 4500 | ||
|---|---|---|---|
| 005 | 20240924070648.0 | ||
| 008 | 070924s1996 es r 000 0 spa d | ||
| 020 | _a8483070014 | ||
| 035 | _aUPN01000152229 | ||
| 049 | _aCG | ||
| 050 | 4 |
_aCB427 _bA7.3 |
|
| 100 | 1 |
_aArendt, Hannah, _d1906-1975 |
|
| 245 | 1 | 0 |
_aEntre el pasado y el futuro : _bocho ejercicios sobre la reflexión política. _cHannah Arent ; tr. de Ana Poljak. |
| 260 |
_aBarcelona, Esp. : _bPenínsula, _c1996. |
||
| 300 | _a315 p. | ||
| 440 | 0 |
_aHistoria, ciencia, sociedad ; _v250 |
|
| 534 |
_pTítulo original: _tBetween past and future |
||
| 650 | 4 |
_aCivilización moderna _y1950- _910800 |
|
| 650 | 4 |
_aHistoria _xFilosofía _96938 |
|
| 905 | _aLibro | ||
| 999 |
_c124352 _d124352 |
||